Carregant...
History of Bengali language and literature : a series of lectures delivered as reader to the Calcutta University (v.2) /
| Autor principal: | |
|---|---|
| Format: | Printed Book |
| Idioma: | English Bengali |
| Publicat: |
New Delhi :
Gyan Pub. House,
2007.
|
| Matèries: |
| LEADER | 00928cam a22002415a 4500 | ||
|---|---|---|---|
| 020 | |a 8121209358 (v. 1) | ||
| 020 | |a 9788121209359 (v. 1) | ||
| 020 | |a 8121209366 (v. 2) | ||
| 020 | |a 9788121209366 (v. 2) | ||
| 041 | 0 | |a eng |a ben | |
| 082 | |a 491.4409 |b DIN/H.2 | ||
| 100 | 1 | |a Dinesh Chandra Sen | |
| 245 | 1 | 0 | |a History of Bengali language and literature : |b a series of lectures delivered as reader to the Calcutta University (v.2) / |c by Dinesh Chandra Sen. |
| 246 | 3 | 0 | |a Bengali language and literature |
| 260 | |a New Delhi : |b Gyan Pub. House, |c 2007. | ||
| 300 | |a 2 v. (viii, 1030) : |b ill. ; | ||
| 500 | |a Originally published: 1911. | ||
| 650 | 0 | |a History Bengali literature | |
| 650 | 0 | |a History Bengali language | |
| 650 | 0 | |a Language | |
| 942 | |c BK | ||
| 999 | |c 60229 |d 60229 | ||
| 952 | |0 0 |1 0 |4 0 |6 491_440900000000000_DIN_H_2 |7 0 |9 83472 |a SSUS |b SSUS |c STACKS |d 2016-04-11 |g 900.00 |o 491.4409 DIN/H.2 |p 082140 |r 2016-04-11 |w 2016-04-11 |y BK | ||